टिप्स एंड ट्रिक्स विन्डोज 2010 / (Record no. 50011)

MARC details
000 -LEADER
fixed length control field 01341nam a22002897a 4500
005 - DATE AND TIME OF LATEST TRANSACTION
control field 20101206113148.0
008 - FIXED-LENGTH DATA ELEMENTS--GENERAL INFORMATION
fixed length control field 101206t xxu||||| |||| 00| 0 hin d
010 ## - LCCN (DPL NO)
LC control number HIN-91574
020 ## - INTERNATIONAL STANDARD BOOK NUMBER
Terms of availability 110.00
International Standard Book Number 9788128826498
035 ## - SYSTEM CONTROL NUMBER
System control number HN-63920
037 ## - SOURCE OF ACQUISITION
Source of stock number/acquisition DBAD/PUB
040 ## - CATALOGING SOURCE
Original cataloging agency DPL
Language of cataloging HN
082 ## - DEWEY DECIMAL CLASSIFICATION NUMBER
Classification number 005.52
100 ## - MAIN ENTRY--PERSONAL NAME
9 (RLIN) 24598
Personal name मिन्हास, देवेन्द्र सिंह
245 ## - TITLE STATEMENT
Title टिप्स एंड ट्रिक्स विन्डोज 2010 /
Statement of responsibility, etc देवेन्द्र सिंह मिन्हास
246 ## - VARYING FORM OF TITLE
Title proper/short title Tips & Tricks Windows 2010
Remainder of title by Davinder Singh Minhas
260 ## - PUBLICATION, DISTRIBUTION, ETC. (IMPRINT)
Place of publication, distribution, etc नई दिल्ली
Name of publisher, distributor, etc डायमंड पॉकेट बुक्स
Date of publication, distribution, etc 2010
270 ## - ADDRESS
Address x-30 ओखला इंडस्ट्रियल एरिया, फेज-11
City नई दिल्ली
Postal code 110020
Telephone number 011- 41611861
Fax number 011- 41611866
Electronic mail address sales@dpb.in
300 ## - PHYSICAL DESCRIPTION
Extent 181पृ.
Dimensions 25सेमी (अजिल्द)
Other physical details सचित्र
650 ## - SUBJECT ADDED ENTRY--TOPICAL TERM
9 (RLIN) 1169
700 ## - ADDED ENTRY--PERSONAL NAME
9 (RLIN) 24599
700 ## - ADDED ENTRY--PERSONAL NAME
9 (RLIN) 25390
700 ## - ADDED ENTRY--PERSONAL NAME
9 (RLIN) 25450
700 ## - ADDED ENTRY--PERSONAL NAME
9 (RLIN) 25451
942 ## - ADDED ENTRY ELEMENTS (KOHA)
Source of classification or shelving scheme Dewey Decimal Classification
Item type Hindi Books
Call number suffix मिन्हास
Classification part 005.52
Holdings
Withdrawn status Lost status Source of classification or shelving scheme Damaged status Not for loan Collection code Home library Current library Date acquired Source of acquisition Cost, normal purchase price Total Checkouts Full call number Barcode Date last seen Copy number Cost, replacement price Koha item type
    Dewey Decimal Classification   Not For Loan Non-fiction D.B.Act.Division D.B.Act.Division 21/01/2011 DBAD /PUB 110.00   005.52मिन्हास HN-63920 21/01/2011 1 110.00 Hindi Books

© Delhi Public Library
Hit Counter
free hit counter